000 00371nam a2200169Ia 4500
008 210210b1924 xxu||||| |||| 00| 0 eng d
041 _aeng
082 _a886/6
100 _aBHAGAVAT (Ech Ar)
245 _aUpanishads Vol 1
260 _aPUna
_b-
_c1924
650 _aVol
650 _aUpanishads
650 _a1
690 _aSanskrit Criticism
906 _a024512
999 _c150052
_d150052